| 000 | 00731nam a22001937a 4500 | ||
|---|---|---|---|
| 003 | OSt | ||
| 005 | 20240607085716.0 | ||
| 008 | 240607b ||||| |||| 00| 0 eng d | ||
| 040 | _cAIMIT LIBRARY | ||
| 100 |
_aNaresh, Talekar Nishita. _e2016142 _9169589 |
||
| 245 |
_aStudy on training and development as a HRD tool in sanofi India limited Goa / _cBy Talekar Nishita Naresh ; Guided by Pooja Nagpal. |
||
| 260 |
_aGoa ; _c2022. |
||
| 650 |
_aIndustry profile company profile and introduction to study _9169590 |
||
| 650 |
_aLiterature review / Literature mapping _9169591 |
||
| 650 |
_aData analysis and interpretation _9169592 |
||
| 700 |
_aNagpal , Pooja. _eGuide _9169593 |
||
| 856 | _3Sanofi India Limited | ||
| 942 |
_2ddc _cPRO |
||
| 999 |
_c231064 _d231064 |
||